Argonautas de la selva : (Record no. 17655)
[ view plain ]
| 000 -CABECERA | |
|---|---|
| campo de control de longitud fija | 00796nam a2200229 a 4500 |
| 001 - NÚMERO DE CONTROL | |
| campo de control | 000018134 |
| 005 - FECHA Y HORA DE LA ÚLTIMA TRANSACCIÓN | |
| campo de control | 20200929165353.0 |
| 008 - DATOS DE LONGITUD FIJA--INFORMACIÓN GENERAL | |
| campo de control de longitud fija | 930513s1992 ec 000 0 spa d |
| 010 ## - NÚMERO DE CONTROL DE LA BIBLIOTECA DEL CONGRESO | |
| Número de control de LC | 93153355 |
| 020 ## - NÚMERO INTERNACIONAL ESTÁNDAR DEL LIBRO | |
| Número Internacional Estándar del Libro | 9978801561 |
| 040 ## - FUENTE DE LA CATALOGACIÓN | |
| Centro catalogador/agencia de origen | DO-SdBNP |
| Centro/agencia transcriptor | DLC |
| 050 00 - SIGNATURA TOPOGRÁFICA DE LA BIBLIOTECA DEL CONGRESO | |
| Número de clasificación | PQ8219.B416 |
| Número de documento/Ítem | A88 1992 |
| 100 2# - ENTRADA PRINCIPAL--NOMBRE DE PERSONA | |
| Nombre de persona | Benites Vinueza, Leopoldo, |
| Fechas asociadas al nombre | 1905- |
| 9 (RLIN) | 39296 |
| 245 10 - MENCIÓN DE TÍTULO | |
| Título | Argonautas de la selva : |
| Resto del título | los descubridores del Amazonas / |
| Mención de responsabilidad, etc. | Leopoldo Benites Vinueza ; estudio introductorio y notas de Oswaldo Encalada Vasquez. |
| 250 ## - MENCIÓN DE EDICIÓN | |
| Mención de edición | 1. ed. |
| 260 ## - PUBLICACIÓN, DISTRIBUCIÓN, ETC. | |
| Lugar de publicación, distribución, etc. | Quito : |
| Nombre del editor, distribuidor, etc. | Libresa, |
| Fecha de publicación, distribución, etc. | 1992. |
| 300 ## - DESCRIPCIÓN FÍSICA | |
| Extensión | 382 p. ; |
| Dimensiones | 20 cm. |
| 490 1# - MENCIÓN DE SERIE | |
| Mención de serie | Coleccion Antares ; |
| Designación de volumen o secuencia | 78 |
| 700 2# - PUNTO DE ACCESO ADICIONAL--NOMBRE DE PERSONA | |
| Nombre de persona | Encalada Vasquez, Oswaldo, |
| Fechas asociadas al nombre | 1955- |
| 9 (RLIN) | 39297 |
| 830 #0 - PUNTO DE ACCESO ADICIONAL DE SERIE-TÍTULO UNIFORME | |
| Título uniforme | Coleccion Antares (Quito, Ecuador) ; |
| Designación de volumen o secuencia | 78. |
| 9 (RLIN) | 39298 |
| 910 ## - DATOS DE OPCIÓN DEL USUARIO (OCLC) | |
| Datos de opción del usuario | Catalogación derivada |
| Estado de retiro | Estado de pérdida | Restricciones de uso | No para préstamo | Código de colección | Localización permanente | Ubicación/localización actual | Ubicación en estantería | Fecha de adquisición | Número de inventario | Total de préstamos | Signatura topográfica completa | Código de barras | Fecha visto por última vez | Precio válido a partir de | Tipo de ítem Koha |
|---|---|---|---|---|---|---|---|---|---|---|---|---|---|---|---|
| Excluido de préstamo | Monografías: Libros y Folletos | General | General | En catalogación | 15.04.2010 | LF1 | 18134-10 | 25.06.2020 | 25.06.2020 | No se presta |
